| 000 | 00483nam a2200157Ia 4500 | ||
|---|---|---|---|
| 999 |
_c13896 _d13896 |
||
| 082 | _aTE.0013 | ||
| 100 | _aEkwonna, Sampson I | ||
| 245 | 0 | _aExercise of veto rights and the role of the UN Security Council : Trends of the two superpowers | |
| 260 |
_c1990 _bNagpur University |
||
| 300 | _a212p. + C D -21 | ||
| 650 | _aUNITED NATIONS - VOTING | ||
| 650 | _aUNITED NATIONS - VOTING | ||
| 650 | _aUNITED NATIONS. SECURITY COUNCIL | ||
| 710 | _aKulkarni, G.M. | ||
| 942 |
_cTH _2ddc |
||